000 00324nam a22001457a 4500
008 210426b ||||| |||| 00| 0 eng d
020 _a9780558588762
041 _aeng
080 _24th
_a510
082 _a510
100 _a36
101 _aMAT
245 _aAlgebra and Trigonometry
_cRobert. Blitzer
942 _2udc
_cBK
999 _c56714
_d56714